Statistics for Diaspora-Russia

Click here to take the quiz!

General Stats

  • This quiz has been taken 46 times
  • The average score is 34 of 38

Answer Stats

Number of immigrants Continent Country % Correct
35.000EuropeUnited Kingdom
100%
8.300.000EuropeUkraine
98%
200.000South AmericaBrazil
98%
3.100.000North AmericaUnited States of America
98%
1.213.000EuropeGermany
98%
13.000EuropePoland
98%
640.000AsiaUzbekistan
98%
550.520North AmericaCanada
98%
3.619.002AsiaKazakhstan
98%
68.200AsiaTajikistan
95%
88.000South AmericaArgentina
95%
140.000AsiaAzerbaijan
95%
20.000EuropeItaly
95%
300.000AsiaTurkmenistan
95%
26.586AsiaGeorgia
93%
180.000EuropeLithuania
93%
11.911AsiaArmenia
93%
78.400EuropeFinland
93%
400.000AsiaKyrgyzstan
93%
570.000EuropeLatvia
93%
67.550OceaniaAustralia
93%
15.600AsiaChina
93%
10.235OceaniaNew Zealand
93%
200.000-500.000EuropeFrance
93%
310.000EuropeEstonia
91%
800.000EuropeBelarus
91%
15.595EuropeBulgaria
91%
70.927EuropeSpain
89%
30.000EuropeRomania
89%
30.249EuropeAustria
82%
13.914EuropeNorway
82%
370.000EuropeMoldova
82%
938.500AsiaIsrael
82%
50.200North AmericaCuba
77%
56.600AsiaUnited Arab Emirates
77%
34.600South AmericaVenezuela
75%
20.000EuropeBelgium
70%
5.000AsiaQatar
57%

Score Distribution

Percentile by Number Answered

Percent of People with Each Score

Your Score History

You have not taken this quiz